[Event "PMPJ 2022- D17"]
[Site "Jastrzebia Gora"]
[Date "2022.11.09"]
[Round "6.2"]
[White "Krzyzosiak, Anna"]
[Black "Tittor, Weronika"]
[Result "1-0"]
[BlackElo "1335"]
[WhiteElo "1434"]
[LiveChessVersion "1.4.8"]

1. e4 {[%clk 1:30:57]} d6 {[%clk 1:30:54]} 2. d4 {[%clk 1:30:52]} Nf6
{[%clk 1:31:15]} 3. Nc3 {[%clk 1:30:29]} c6 {[%clk 1:31:34]} 4. Be2
{[%clk 1:24:14]} Nbd7 {[%clk 1:30:46]} 5. Nf3 {[%clk 1:23:20]} e5
{[%clk 1:30:26]} 6. dxe5 {[%clk 1:17:40]} Nxe5 {[%clk 1:30:40]} 7. Nxe5
{[%clk 1:16:22]} dxe5 {[%clk 1:31:01]} 8. Qxd8+ {[%clk 1:16:11]} Kxd8
{[%clk 1:31:21]} 9. Bg5 {[%clk 1:14:12]} Be7 {[%clk 1:28:59]} 10. O-O-O+
{[%clk 1:12:19]} Kc7 {[%clk 1:29:07]} 11. Bc4 {[%clk 0:53:41]} Rf8
{[%clk 1:28:38]} 12. f3 {[%clk 0:46:02]} b5 {[%clk 1:28:13]} 13. Bb3
{[%clk 0:43:00]} b4 {[%clk 1:22:05]} 14. Ne2 {[%clk 0:33:39]} Ba6
{[%clk 1:16:47]} 15. Ng3 {[%clk 0:30:57]} Nd5 {[%clk 1:15:04]} 16. Bxe7
{[%clk 0:29:25]} Nxe7 {[%clk 1:15:24]} 17. Nh5 {[%clk 0:28:36]} Ng6
{[%clk 1:11:57]} 18. Nxg7 {[%clk 0:26:05]} Nf4 {[%clk 1:11:56]} 19. g3
{[%clk 0:20:06]} Ne2+ {[%clk 1:12:16]} 20. Kb1 {[%clk 0:20:14]} Nd4
{[%clk 1:12:37]} 21. f4 {[%clk 0:15:43]} Nxb3 {[%clk 1:11:19]} 22. axb3
{[%clk 0:15:52]} exf4 {[%clk 1:11:11]} 23. gxf4 {[%clk 0:16:13]} Bb7
{[%clk 1:10:59]} 24. Nf5 {[%clk 0:14:51]} Rad8 {[%clk 1:10:20]} 25. Kc1
{[%clk 0:13:01]} a5 {[%clk 1:09:41]} 26. Rxd8 {[%clk 0:12:52]} Rxd8
{[%clk 1:09:57]} 27. Rd1 {[%clk 0:13:12]} Rxd1+ {[%clk 1:09:21]} 28. Kxd1
{[%clk 0:13:39]} c5 {[%clk 1:09:24]} 29. Ng3 {[%clk 0:13:12]} Kd6
{[%clk 1:09:22]} 30. Kd2 {[%clk 0:12:24]} Ba6 {[%clk 1:09:30]} 31. Nf5+
{[%clk 0:08:26]} Ke6 {[%clk 1:08:57]} 32. Ke3 {[%clk 0:08:31]} Bb5
{[%clk 1:08:23]} 33. Ng3 {[%clk 0:07:46]} a4 {[%clk 1:08:15]} 34. bxa4
{[%clk 0:07:46]} Bxa4 {[%clk 1:08:37]} 35. c3 {[%clk 0:06:35]} bxc3
{[%clk 1:07:30]} 36. bxc3 {[%clk 0:07:02]} Bb5 {[%clk 1:07:21]} 37. Nh5
{[%clk 0:04:18]} Kd6 {[%clk 1:05:09]} 38. Ng7 {[%clk 0:02:33]} f6
{[%clk 1:03:34]} 39. Nf5+ {[%clk 0:01:58]} Ke6 {[%clk 1:03:25]} 40. Kf3
{[%clk 0:01:29]} Ba4 {[%clk 1:03:15]} 41. Ne3 {[%clk 0:01:47]} Kf7
{[%clk 1:02:01]} 42. Nc4 {[%clk 0:01:24]} Bb3 {[%clk 0:59:36]} 43. Nd6+
{[%clk 0:01:19]} Ke6 {[%clk 0:58:15]} 44. Nb7 {[%clk 0:01:40]} Bd1+
{[%clk 0:58:00]} 45. Ke3 {[%clk 0:01:46]} c4 {[%clk 0:58:20]} 46. Na5
{[%clk 0:01:23]} f5 {[%clk 0:56:24]} 47. Nxc4 {[%clk 0:01:31]} fxe4
{[%clk 0:56:35]} 48. Kxe4 {[%clk 0:01:55]} Bc2+ {[%clk 0:56:24]} 49. Kf3
{[%clk 0:02:04]} Bf5 {[%clk 0:56:01]} 50. Ne3 {[%clk 0:02:15]} Bd3
{[%clk 0:55:18]} 51. Kg4 {[%clk 0:02:13]} Kf6 {[%clk 0:55:07]} 52. Kh5
{[%clk 0:02:13]} Kg7 {[%clk 0:55:06]} 53. c4 {[%clk 0:01:34]} Be2+
{[%clk 0:55:24]} 54. Kg5 {[%clk 0:01:46]} Bf3 {[%clk 0:55:04]} 55. Nf5+
{[%clk 0:01:49]} Kg8 {[%clk 0:55:10]} 56. Kh6 {[%clk 0:02:02]} Be4
{[%clk 0:55:08]} 57. Nd6 {[%clk 0:01:25]} Bc6 {[%clk 0:54:58]} 58. c5
{[%clk 0:01:34]} Kf8 {[%clk 0:54:59]} 59. Kxh7 {[%clk 0:01:50]} Ke7
{[%clk 0:55:18]} 60. Kg7 {[%clk 0:02:00]} Kd7 {[%clk 0:55:10]} 61. f5
{[%clk 0:02:09]} Bd5 {[%clk 0:55:24]} 62. f6 {[%clk 0:02:20]} Kc6
{[%clk 0:55:46]} 63. f7 {[%clk 0:02:37]} Bxf7 {[%clk 0:56:08]} 64. Nxf7
{[%clk 0:02:55]} Kxc5 {[%clk 0:56:31]} 65. h4 {[%clk 0:03:21]} Kd5
{[%clk 0:56:32]} 66. h5 {[%clk 0:03:45]} Ke6 {[%clk 0:56:53]} 67. h6
{[%clk 0:04:09]} Ke7 {[%clk 0:57:02]} 68. h7 {[%clk 0:04:33]} Ke6
{[%clk 0:57:25]} 69. h8=Q {[%clk 0:04:55]} Kf5 {[%clk 0:57:42]} 70. Qe8
{[%clk 0:05:09]} Kg4 {[%clk 0:57:57]} 71. Qe5 {[%clk 0:05:26]} Kh3
{[%clk 0:58:08]} 72. Qg5 {[%clk 0:05:50]} Kh2 {[%clk 0:58:30]} 73. Kf6
{[%clk 0:06:17]} Kh1 {[%clk 0:58:48]} 74. Kf5 {[%clk 0:06:42]} Kh2
{[%clk 0:59:03]} 75. Kf4 {[%clk 0:07:08]} Kh1 {[%clk 0:59:12]} 76. Kf3
{[%clk 0:07:35]} Kh2 {[%clk 0:59:33]} 77. Qg2# {[%clk 0:08:01]} 1-0

[Event "PMPJ 2022- D17"]
[Site "Jastrzebia Gora"]
[Date "2022.11.09"]
[Round "6.3"]
[White "Bychowska, Marta"]
[Black "Gornisiewicz, Natalia"]
[Result "0-1"]
[BlackElo "1384"]
[WhiteElo "1481"]
[LiveChessVersion "1.4.8"]

1. c4 {[%clk 1:30:55]} Nf6 {[%clk 1:30:55]} 2. d4 {[%clk 1:31:13]} g6
{[%clk 1:31:16]} 3. g3 {[%clk 1:31:32]} Bg7 {[%clk 1:31:40]} 4. Bg2
{[%clk 1:31:56]} O-O {[%clk 1:32:01]} 5. Nc3 {[%clk 1:32:11]} d6 {[%clk 1:32:06]}
6. e4 {[%clk 1:32:16]} Bd7 {[%clk 1:30:58]} 7. e5 {[%clk 1:31:37]} dxe5
{[%clk 1:21:35]} 8. dxe5 {[%clk 1:31:25]} Ng4 {[%clk 1:21:11]} 9. Bxb7
{[%clk 1:31:22]} Nxe5 {[%clk 1:19:37]} 10. Bxa8 {[%clk 1:31:37]} c6
{[%clk 1:19:33]} 11. Bf4 {[%clk 1:22:17]} Nxc4 {[%clk 1:10:47]} 12. Qe2
{[%clk 1:14:55]} Be6 {[%clk 0:57:37]} 13. Bxc6 {[%clk 1:12:00]} Nxc6
{[%clk 0:57:41]} 14. Nf3 {[%clk 1:11:59]} Nxb2 {[%clk 0:51:55]} 15. Qd2
{[%clk 0:49:02]} Nd3+ {[%clk 0:42:55]} 16. Kf1 {[%clk 0:38:29]} Nxf4
{[%clk 0:33:04]} 17. Qxf4 {[%clk 0:37:19]} Bxc3 {[%clk 0:32:02]} 18. Rc1
{[%clk 0:37:38]} Qd3+ {[%clk 0:32:09]} 19. Kg2 {[%clk 0:38:03]} Nd4
{[%clk 0:21:02]} 20. Rhd1 {[%clk 0:21:09]} Qxf3+ {[%clk 0:20:39]} 21. Qxf3
{[%clk 0:21:33]} Nxf3 {[%clk 0:21:02]} 22. Rxc3 {[%clk 0:21:58]} Ne5
{[%clk 0:20:39]} 23. Rc7 {[%clk 0:22:06]} Bxa2 {[%clk 0:18:08]} 24. Rxa7
{[%clk 0:20:49]} Bb3 {[%clk 0:18:14]} 25. Re1 {[%clk 0:20:52]} Nc6
{[%clk 0:17:17]} 26. Rc7 {[%clk 0:20:10]} e5 {[%clk 0:17:06]} 27. f3
{[%clk 0:18:56]} Bd5 {[%clk 0:15:26]} 28. Rd7 {[%clk 0:16:17]} Be6
{[%clk 0:15:00]} 29. Rc7 {[%clk 0:14:40]} Rc8 {[%clk 0:14:57]} 30. Rxc8+
{[%clk 0:14:55]} Bxc8 {[%clk 0:15:20]} 31. f4 {[%clk 0:14:55]} Bb7
{[%clk 0:15:03]} 32. fxe5 {[%clk 0:14:43]} Nxe5+ {[%clk 0:15:23]} 33. Kh3
{[%clk 0:14:46]} Nd3 {[%clk 0:14:36]} 34. Re2 {[%clk 0:13:57]} Kg7
{[%clk 0:14:07]} 35. Rd2 {[%clk 0:13:18]} Ne5 {[%clk 0:13:45]} 36. Rd8
{[%clk 0:12:51]} h5 {[%clk 0:12:23]} 37. Kh4 {[%clk 0:11:27]} Nf3+
{[%clk 0:12:08]} 38. Kh3 {[%clk 0:11:51]} Ng5+ {[%clk 0:11:56]} 39. Kh4
{[%clk 0:12:09]} Ne6 {[%clk 0:12:17]} 40. Rb8 {[%clk 0:11:53]} Bg2
{[%clk 0:10:48]} 41. g4 {[%clk 0:11:48]} Bf3 {[%clk 0:10:24]} 42. gxh5
{[%clk 0:12:08]} Bxh5 {[%clk 0:10:46]} 43. Kg3 {[%clk 0:12:05]} Kf6
{[%clk 0:10:30]} 44. h4 {[%clk 0:11:40]} Be2 {[%clk 0:10:26]} 45. Rb2
{[%clk 0:11:54]} Bd3 {[%clk 0:10:24]} 46. Rf2+ {[%clk 0:11:50]} Bf5
{[%clk 0:10:42]} 47. Rf1 {[%clk 0:10:27]} Kg7 {[%clk 0:10:02]} 48. h5
{[%clk 0:10:25]} Kh6 {[%clk 0:09:59]} 49. hxg6 {[%clk 0:10:44]} fxg6
{[%clk 0:09:22]} 50. Rg1 {[%clk 0:10:55]} Nd4 {[%clk 0:08:24]} 51. Kf2
{[%clk 0:11:17]} g5 {[%clk 0:08:46]} 52. Rxg5 {[%clk 0:11:43]} Kxg5
{[%clk 0:09:11]} 53. Ke3 {[%clk 0:12:07]} Ne6 {[%clk 0:09:21]} 54. Kf3
{[%clk 0:11:04]} Kf6 {[%clk 0:09:04]} 55. Ke3 {[%clk 0:11:27]} Ke5
{[%clk 0:09:30]} 56. Kf3 {[%clk 0:11:06]} Kd4 {[%clk 0:09:46]} 57. Ke2
{[%clk 0:10:52]} Be4 {[%clk 0:09:41]} 58. Kd2 {[%clk 0:11:09]} Nc5
{[%clk 0:09:49]} 59. Ke2 {[%clk 0:10:55]} Nd3 {[%clk 0:09:18]} 60. Kd2
{[%clk 0:11:15]} Nf4 {[%clk 0:09:38]} 61. Ke1 {[%clk 0:10:26]} Ke3
{[%clk 0:09:33]} 62. Kd1 Ne2 {[%clk 0:09:43]} 63. Ke1 {[%clk 0:11:17]} Bc2
{[%clk 0:09:25]} 64. Kf1 {[%clk 0:11:41]} Nf4 {[%clk 0:09:33]} 65. Ke1
{[%clk 0:11:46]} Ng2+ {[%clk 0:09:16]} 66. Kf1 {[%clk 0:12:12]} Kf3
{[%clk 0:09:39]} 67. Kg1 {[%clk 0:12:39]} Bd3 {[%clk 0:09:35]} 68. Kh2
{[%clk 0:12:44]} Nf4 {[%clk 0:09:52]} 69. Kg1 {[%clk 0:12:33]} Kg3
{[%clk 0:10:08]} 70. Kh1 {[%clk 0:12:57]} Bf1 {[%clk 0:10:21]} 71. Kg1
{[%clk 0:13:23]} Bh3 {[%clk 0:10:41]} 72. Kh1 {[%clk 0:13:47]} Bg2+
{[%clk 0:11:05]} 73. Kg1 {[%clk 0:14:11]} Nh3# {[%clk 0:11:30]} 0-1

[Event "PMPJ 2022- D17"]
[Site "Jastrzebia Gora"]
[Date "2022.11.09"]
[Round "6.4"]
[White "Labedz, Gabriela"]
[Black "Sivickis, Kornelia"]
[Result "1-0"]
[BlackElo "1159"]
[WhiteElo "1365"]
[LiveChessVersion "1.4.8"]

1. e4 {[%clk 1:30:58]} c5 {[%clk 1:30:56]} 2. Nf3 {[%clk 1:31:23]} a6
{[%clk 1:31:21]} 3. c4 {[%clk 1:31:19]} Nc6 {[%clk 1:31:33]} 4. d4
{[%clk 1:30:43]} cxd4 {[%clk 1:31:49]} 5. Nxd4 {[%clk 1:31:07]} e5
{[%clk 1:32:10]} 6. Nf5 {[%clk 1:28:53]} d6 {[%clk 1:31:05]} 7. Ne3
{[%clk 1:29:00]} Nf6 {[%clk 1:31:21]} 8. Nc3 {[%clk 1:28:56]} Be7
{[%clk 1:31:23]} 9. Be2 {[%clk 1:27:17]} O-O {[%clk 1:31:47]} 10. O-O
{[%clk 1:25:00]} Re8 {[%clk 1:29:37]} 11. Ned5 {[%clk 1:21:49]} Be6
{[%clk 1:25:06]} 12. Be3 {[%clk 1:16:58]} Bxd5 {[%clk 1:22:36]} 13. Nxd5
{[%clk 1:15:18]} Rb8 {[%clk 1:15:54]} 14. Bb6 {[%clk 1:13:15]} Qd7
{[%clk 1:09:04]} 15. Nxf6+ {[%clk 1:02:11]} Bxf6 {[%clk 1:09:07]} 16. c5
{[%clk 1:00:35]} Bd8 {[%clk 1:06:16]} 17. Bg4 {[%clk 0:59:20]} Qe7
{[%clk 1:05:03]} 18. cxd6 {[%clk 0:58:15]} Qf6 {[%clk 1:04:04]} 19. Bc7
{[%clk 0:53:54]} Ra8 {[%clk 1:02:02]} 20. d7 {[%clk 0:46:25]} Rf8
{[%clk 1:01:09]} 21. Qd6 {[%clk 0:44:11]} Bxc7 {[%clk 0:56:51]} 22. Qxc7
{[%clk 0:44:26]} Rab8 {[%clk 0:56:35]} 23. Rfd1 {[%clk 0:41:05]} Rfd8
{[%clk 0:55:02]} 24. Rab1 {[%clk 0:37:31]} g6 {[%clk 0:52:47]} 25. b4
{[%clk 0:35:11]} Nd4 {[%clk 0:48:16]} 26. Rdc1 {[%clk 0:31:20]} Kg7
{[%clk 0:46:35]} 27. Rb2 {[%clk 0:27:51]} h5 {[%clk 0:45:56]} 28. Bh3
{[%clk 0:27:34]} Ne6 {[%clk 0:44:16]} 29. Bxe6 {[%clk 0:25:47]} Qxe6
{[%clk 0:43:46]} 30. Rd2 {[%clk 0:25:08]} Qe7 {[%clk 0:41:45]} 31. a3
{[%clk 0:23:47]} Qg5 {[%clk 0:41:19]} 32. Rcd1 {[%clk 0:19:04]} Qe7
{[%clk 0:41:02]} 33. h3 {[%clk 0:18:50]} Kh6 {[%clk 0:39:44]} 34. Rd6
{[%clk 0:18:05]} Kg7 {[%clk 0:38:46]} 35. Rb6 {[%clk 0:17:34]} f6
{[%clk 0:35:05]} 36. Rxb7 {[%clk 0:17:14]} Rxb7 {[%clk 0:35:27]} 37. Qxb7
{[%clk 0:17:37]} Qe6 {[%clk 0:35:28]} 38. Qc7 {[%clk 0:17:17]} Qb3
{[%clk 0:34:48]} 39. Qd6 {[%clk 0:13:50]} Qg8 {[%clk 0:34:54]} 40. Qxa6
{[%clk 0:13:24]} Qf8 {[%clk 0:35:12]} 41. Qd6 {[%clk 0:13:22]} Qf7
{[%clk 0:35:28]} 42. b5 {[%clk 0:12:49]} Kh6 {[%clk 0:35:48]} 43. b6
{[%clk 0:12:32]} Qg7 {[%clk 0:36:09]} 44. b7 {[%clk 0:12:44]} 1-0

[Event "PMPJ 2022- D17"]
[Site "Jastrzebia Gora"]
[Date "2022.11.09"]
[Round "6.5"]
[White "Gaczol, Julia"]
[Black "Czerwinska, Oliwia"]
[Result "1-0"]
[BlackElo "1392"]
[WhiteElo "1466"]
[LiveChessVersion "1.4.8"]

1. e4 {[%clk 1:30:58]} e5 {[%clk 1:30:56]} 2. Nf3 {[%clk 1:31:23]} Nc6
{[%clk 1:31:20]} 3. Bb5 {[%clk 1:31:43]} Nge7 {[%clk 1:31:37]} 4. O-O
{[%clk 1:30:56]} Ng6 {[%clk 1:31:24]} 5. d4 {[%clk 1:22:57]} exd4
{[%clk 1:31:09]} 6. Nxd4 {[%clk 1:23:14]} Bc5 {[%clk 1:28:02]} 7. Be3
{[%clk 1:18:43]} Qf6 {[%clk 1:22:14]} 8. c3 {[%clk 1:14:26]} a6 {[%clk 1:18:48]}
9. Ba4 {[%clk 1:10:51]} b5 {[%clk 1:16:08]} 10. Bc2 {[%clk 1:09:34]} O-O
{[%clk 1:11:48]} 11. Re1 {[%clk 1:05:59]} Bxd4 {[%clk 1:11:40]} 12. cxd4
{[%clk 1:04:58]} Nb4 {[%clk 1:05:41]} 13. Bb3 {[%clk 0:54:02]} Bb7
{[%clk 1:02:20]} 14. f3 {[%clk 0:49:07]} a5 {[%clk 0:59:51]} 15. Qd2
{[%clk 0:42:23]} h6 {[%clk 0:57:09]} 16. a3 {[%clk 0:42:09]} Nc6 {[%clk 0:56:57]}
17. Nc3 {[%clk 0:41:38]} Ba6 {[%clk 0:50:53]} 18. Nd5 {[%clk 0:35:20]} Qd8
{[%clk 0:50:58]} 19. f4 {[%clk 0:32:48]} a4 {[%clk 0:49:45]} 20. Bc2
{[%clk 0:31:31]} Nge7 {[%clk 0:48:54]} 21. f5 {[%clk 0:27:43]} f6
{[%clk 0:36:40]} 22. Nxe7+ {[%clk 0:21:44]} Qxe7 {[%clk 0:35:02]} 23. Bf4
{[%clk 0:21:09]} d6 {[%clk 0:34:21]} 24. Re3 {[%clk 0:21:08]} Kf7
{[%clk 0:26:22]} 25. Rae1 {[%clk 0:19:48]} Rh8 {[%clk 0:25:15]} 26. e5
{[%clk 0:19:25]} dxe5 {[%clk 0:20:26]} 27. dxe5 {[%clk 0:19:05]} Rhd8
{[%clk 0:19:35]} 28. Qc3 {[%clk 0:17:11]} Nxe5 {[%clk 0:18:17]} 29. Bxe5
{[%clk 0:16:48]} fxe5 {[%clk 0:18:43]} 30. Rxe5 {[%clk 0:17:01]} Qd6
{[%clk 0:18:21]} 31. Kh1 {[%clk 0:08:57]} Rd7 {[%clk 0:13:04]} 32. Qf3
{[%clk 0:06:29]} Rf8 {[%clk 0:12:07]} 33. f6 {[%clk 0:04:31]} Kg8
{[%clk 0:09:58]} 34. Qf5 {[%clk 0:04:48]} Rxf6 {[%clk 0:09:26]} 35. Re8+
{[%clk 0:05:06]} Kf7 {[%clk 0:09:45]} 36. Qh5+ {[%clk 0:04:55]} g6
{[%clk 0:07:49]} 37. Qxh6 {[%clk 0:05:06]} Rf1+ {[%clk 0:04:34]} 38. Rxf1+
{[%clk 0:05:30]} Kxe8 {[%clk 0:05:01]} 39. Qh8+ {[%clk 0:05:24]} Ke7
{[%clk 0:05:18]} 40. Qg7+ {[%clk 0:04:58]} Ke6 {[%clk 0:04:17]} 41. Rf6+
{[%clk 0:04:47]} Kd5 {[%clk 0:03:15]} 42. Rxd6+ {[%clk 0:04:57]} Rxd6
{[%clk 0:03:16]} 43. Qxc7 {[%clk 0:04:57]} Rc6 {[%clk 0:03:16]} 44. Be4+
{[%clk 0:05:13]} Kxe4 {[%clk 0:03:28]} 45. Qxc6+ {[%clk 0:05:37]} 1-0

[Event "PMPJ 2022- D17"]
[Site "Jastrzebia Gora"]
[Date "2022.11.09"]
[Round "6.7"]
[White "Nagly, Malgorzata"]
[Black "Bauer, Marika"]
[Result "0-1"]
[BlackElo "1129"]
[WhiteElo "1077"]
[LiveChessVersion "1.4.8"]

1. e4 {[%clk 1:30:58]} e5 {[%clk 1:30:57]} 2. Nf3 {[%clk 1:31:18]} Nc6
{[%clk 1:31:21]} 3. Bc4 {[%clk 1:31:37]} Bc5 {[%clk 1:31:46]} 4. O-O
{[%clk 1:31:19]} Nf6 {[%clk 1:31:57]} 5. d4 {[%clk 1:30:27]} Bxd4
{[%clk 1:30:34]} 6. Nxd4 {[%clk 1:24:49]} Nxd4 {[%clk 1:30:15]} 7. Bg5
{[%clk 1:21:35]} h6 {[%clk 1:30:18]} 8. f4 {[%clk 1:15:26]} exf4 {[%clk 1:18:38]}
9. Bxf4 {[%clk 0:58:56]} Ne6 {[%clk 1:18:31]} 10. e5 {[%clk 0:49:34]} Nh7
{[%clk 1:15:54]} 11. Qh5 {[%clk 0:35:51]} Qe7 {[%clk 1:14:19]} 12. Nc3
{[%clk 0:26:18]} Qc5+ {[%clk 1:14:31]} 13. Rf2 {[%clk 0:16:20]} Qxc4
{[%clk 1:14:33]} 14. Be3 {[%clk 0:10:02]} Nd8 {[%clk 1:11:00]} 15. h4
{[%clk 0:04:14]} Qe6 {[%clk 1:10:24]} 16. Raf1 {[%clk 0:01:27]} O-O
{[%clk 1:10:19]} 17. g4 {[%clk 0:00:54]} Qg6 {[%clk 1:09:51]} 18. Qf5
{[%clk 0:00:43]} d6 {[%clk 1:09:37]} 19. Qxg6 {[%clk 0:00:33]} fxg6
{[%clk 1:09:57]} 20. exd6 {[%clk 0:00:51]} cxd6 {[%clk 1:10:14]} 21. g5
{[%clk 0:00:37]} h5 {[%clk 1:10:08]} 22. Nd5 {[%clk 0:00:40]} Bf5
{[%clk 1:09:50]} 23. Ne7+ {[%clk 0:00:41]} Kh8 {[%clk 1:10:08]} 24. Rxf5
{[%clk 0:00:48]} gxf5 {[%clk 1:10:00]} 25. Ng6+ {[%clk 0:00:50]} Kg8
{[%clk 1:10:18]} 26. Ne7+ {[%clk 0:00:34]} Kf7 {[%clk 1:10:23]} 27. g6+
{[%clk 0:00:48]} Kxe7 {[%clk 1:10:40]} 28. gxh7 {[%clk 0:01:10]} Nc6
{[%clk 1:10:50]} 29. Bg5+ Ke6 {[%clk 1:10:37]} 30. Re1+ {[%clk 0:00:54]} Ne5
{[%clk 1:10:58]} 31. Bf4 {[%clk 0:00:39]} Rh8 {[%clk 1:11:15]} 32. Re3
{[%clk 0:00:31]} Rxh7 {[%clk 1:11:33]} 33. c4 {[%clk 0:00:50]} Kf6
{[%clk 1:11:45]} 34. c5 {[%clk 0:00:41]} Ng4 {[%clk 1:11:14]} 35. Rc3
{[%clk 0:00:42]} dxc5 {[%clk 1:11:32]} 36. Rxc5 {[%clk 0:01:11]} Re8
{[%clk 1:11:24]} 37. Bg5+ {[%clk 0:00:50]} Kg6 {[%clk 1:11:42]} 38. Rc7
{[%clk 0:00:42]} Re1+ {[%clk 1:11:36]} 39. Kg2 {[%clk 0:01:07]} Re2+
{[%clk 1:12:00]} 40. Kf1 {[%clk 0:00:45]} Rxb2 {[%clk 1:12:21]} 41. Rd7 0-1

[Event "PMPJ 2022- D17"]
[Site "Jastrzebia Gora"]
[Date "2022.11.09"]
[Round "6.8"]
[White "Rozumek, Paulina"]
[Black "Olszewska, Wiktoria"]
[Result "0-1"]
[BlackElo "1353"]
[WhiteElo "1056"]
[LiveChessVersion "1.4.8"]

1. e4 {[%clk 1:30:56]} c6 {[%clk 1:29:29]} 2. d4 {[%clk 1:31:03]} d5
{[%clk 1:29:39]} 3. exd5 {[%clk 1:30:24]} cxd5 {[%clk 1:30:02]} 4. Bd3
{[%clk 1:29:34]} Nc6 {[%clk 1:28:41]} 5. Nf3 {[%clk 1:28:52]} Bg4
{[%clk 1:28:38]} 6. Bb5 {[%clk 1:27:47]} Nf6 {[%clk 1:19:28]} 7. Qd3
{[%clk 1:24:03]} a6 {[%clk 1:15:30]} 8. Bxc6+ {[%clk 1:22:31]} bxc6
{[%clk 1:15:20]} 9. Ne5 {[%clk 1:21:53]} Qc8 {[%clk 1:09:11]} 10. O-O
{[%clk 1:19:20]} g6 {[%clk 1:02:12]} 11. Re1 {[%clk 1:16:09]} Bg7
{[%clk 0:59:39]} 12. Bg5 {[%clk 1:11:53]} Ra7 {[%clk 0:56:16]} 13. c4
{[%clk 1:07:33]} O-O {[%clk 0:51:32]} 14. Nc3 {[%clk 1:02:20]} Bf5
{[%clk 0:50:06]} 15. Qd2 {[%clk 0:58:08]} Ne4 {[%clk 0:47:55]} 16. Nxe4
{[%clk 0:57:17]} Bxe4 {[%clk 0:48:14]} 17. Bh6 {[%clk 0:54:49]} f6
{[%clk 0:40:33]} 18. Bxg7 {[%clk 0:52:37]} Kxg7 {[%clk 0:40:31]} 19. cxd5
{[%clk 0:51:06]} cxd5 {[%clk 0:38:54]} 20. Nd3 {[%clk 0:50:32]} Qg4
{[%clk 0:38:02]} 21. f3 {[%clk 0:48:25]} Bxf3 {[%clk 0:37:25]} 22. Nf4
{[%clk 0:48:18]} Be4 {[%clk 0:35:06]} 23. h3 {[%clk 0:43:04]} Qd7
{[%clk 0:34:14]} 24. Rac1 {[%clk 0:38:57]} Rc8 {[%clk 0:32:35]} 25. Rc3
{[%clk 0:37:40]} Rxc3 {[%clk 0:31:35]} 26. bxc3 {[%clk 0:37:42]} Rb7
{[%clk 0:29:52]} 27. c4 {[%clk 0:34:35]} e6 {[%clk 0:25:18]} 28. Qa5
{[%clk 0:31:34]} Qd6 {[%clk 0:23:27]} 29. g3 {[%clk 0:29:01]} g5 {[%clk 0:22:30]}
30. cxd5 {[%clk 0:27:33]} Bxd5 {[%clk 0:19:46]} 31. Nxd5 {[%clk 0:25:41]} Qxg3+
{[%clk 0:18:10]} 32. Kf1 {[%clk 0:25:42]} Qxh3+ {[%clk 0:17:38]} 33. Kg1
{[%clk 0:25:47]} Qg4+ {[%clk 0:15:17]} 34. Kf1 {[%clk 0:25:33]} Qf5+
{[%clk 0:13:45]} 35. Kg1 {[%clk 0:25:17]} Qxd5 {[%clk 0:13:26]} 36. Qxd5
{[%clk 0:23:14]} exd5 {[%clk 0:13:49]} 37. Re2 {[%clk 0:23:17]} h5
{[%clk 0:12:25]} 38. Kg2 {[%clk 0:23:05]} Kg6 {[%clk 0:11:00]} 39. Kf3
{[%clk 0:23:01]} h4 {[%clk 0:10:25]} 40. Kg4 {[%clk 0:20:21]} f5+
{[%clk 0:10:31]} 41. Kh3 {[%clk 0:20:28]} Kh5 {[%clk 0:10:29]} 42. Rf2
{[%clk 0:18:58]} g4+ {[%clk 0:10:44]} 43. Kg2 {[%clk 0:18:37]} Kg5
{[%clk 0:11:00]} 44. Re2 {[%clk 0:18:14]} h3+ {[%clk 0:10:35]} 45. Kh2
{[%clk 0:18:24]} Kh4 {[%clk 0:10:45]} 0-1

[Event "PMPJ 2022- D17"]
[Site "Jastrzebia Gora"]
[Date "2022.11.10"]
[Round "7.1"]
[White "Gornisiewicz, Natalia"]
[Black "Pietrzak, Emilia"]
[Result "1-0"]
[BlackElo "1386"]
[WhiteElo "1384"]
[LiveChessVersion "1.4.8"]

1. Nf3 c5 {[%clk 1:30:17]} 2. g3 {[%clk 1:31:16]} Nc6 {[%clk 1:30:36]} 3. Bg2
{[%clk 1:31:38]} g6 {[%clk 1:30:58]} 4. O-O {[%clk 1:31:56]} Bg7 {[%clk 1:31:26]}
5. d3 {[%clk 1:32:09]} d6 {[%clk 1:31:52]} 6. c4 {[%clk 1:32:05]} e5
{[%clk 1:31:50]} 7. Nc3 {[%clk 1:32:16]} Nge7 {[%clk 1:32:10]} 8. Rb1
{[%clk 1:31:56]} O-O {[%clk 1:31:21]} 9. a3 {[%clk 1:31:10]} a5 {[%clk 1:31:09]}
10. Nd2 {[%clk 1:28:33]} Be6 {[%clk 1:23:35]} 11. Nb5 {[%clk 1:26:07]} f5
{[%clk 1:18:53]} 12. e3 {[%clk 1:22:41]} d5 13. b3 {[%clk 1:13:40]} Qd7
{[%clk 1:07:22]} 14. Qc2 {[%clk 1:12:42]} b6 {[%clk 0:53:51]} 15. Nf3
{[%clk 1:08:27]} h6 {[%clk 0:50:19]} 16. Bb2 {[%clk 1:06:53]} g5 {[%clk 0:34:56]}
17. Nd2 {[%clk 1:01:59]} f4 {[%clk 0:33:09]} 18. exf4 {[%clk 1:01:09]} gxf4
{[%clk 0:32:23]} 19. Rbe1 {[%clk 0:55:40]} Bh3 {[%clk 0:31:24]} 20. Nf3
{[%clk 0:52:15]} Bxg2 {[%clk 0:30:01]} 21. Kxg2 {[%clk 0:52:29]} Ng6
{[%clk 0:29:52]} 22. cxd5 {[%clk 0:52:02]} Nce7 {[%clk 0:29:18]} 23. Qc4
{[%clk 0:49:30]} Nf5 {[%clk 0:26:50]} 24. Bxe5 {[%clk 0:42:23]} Bxe5
{[%clk 0:23:08]} 25. Nxe5 Nxe5 {[%clk 0:23:16]} 26. Rxe5 {[%clk 0:42:49]} f3+
{[%clk 0:23:31]} 27. Kh1 {[%clk 0:42:18]} Nxg3+ {[%clk 0:21:10]} 28. fxg3
{[%clk 0:37:34]} Qh3 {[%clk 0:17:28]} 29. Rf2 {[%clk 0:37:51]} Rae8
{[%clk 0:16:43]} 30. d6+ {[%clk 0:37:17]} Kh8 {[%clk 0:16:26]} 31. Qe4
{[%clk 0:36:52]} 1-0